BIBLIOTHÈQUE DE LA MAISON DU MEXIQUE

Logo 1 Logo 2

La progenie de Morelos (notice nᵒ 5727)

détails MARC
000 -Sello discográfico
campo de control de longitud fija 00871nam0a2200277 4500
005 - Identificación de versión
campo de control 20251016084515.0
010 ## - Número Estándar Internacional de Libros (ISBN)
Número (ISBN) 970-9056-40-9
035 ## - Otros números de control del sistema
Número de control del sistema 5315
099 ## - fechas locales
Tipo de ítem Koha LIBRO
100 ## - Datos de procesamiento general
Datos de procesamiento general 20120622d2000 m y0spay5003 ba
105 ## - Campo de datos codificados: Material textual, monográfico
Datos codificados de monografía a 001zb
200 1# - Título y mención de responsabilidad
Título propio La progenie de Morelos
Designación general del material texto impreso
Primer mención de responsabilidad Raúl Chávez Sánchez
205 ## - Declaración de edición
Declaración de edición 2a ed
210 ## - Publicación, distribución, etc.
Lugar de publicación, distribución, etc. México
Nombre del editor, distribuidor, etc. Universidad Michoacana de San Nicolás de Hidalgo
Fecha de publicación, distribución, etc. 2000
215 ## - Descripción física
Designación de material específico y extensión del ítem 107 p
Otras características físicas il., fot.
Dimensiones 23 cm
320 ## - Nota de índices/bibliografías internas
Texto de la nota Incluye referencias bibliográficas
345 ## - Nota de información de adquisición
Fuente de adquisición/dirección de la suscripción [OBSOLETO] Donación de Moisés Guzmán Pérez
600 ## - Nombre personal usado como materia
Elemento de entrada Morelos y Pavón
Parte del nombre distinta del elemento de entrada José María Teclo
Fechas 1765-1815
Subdivisión temática Familia
Número Koha 10971
700 ## - Nombre personal - Responsabilidad primaria
Elemento de entrada Chávez Sánchez
Parte del nombre distinta del elemento de entrada Raúl
Número Koha 10972
801 #0 - Fuente de origen
País FR
Agencia cm
Reglas de catalogación (convenciones descriptivas) AFNOR
900 ## -
-- 1/21217
942 ## - ELEMENTOS DE ENTRADA SECUNDARIOS (KOHA)
Tipo de ítem Koha Livre
996 ## -
-- MEX
-- 751145101
-- MMAG
-- 002837
-- 920 M842CH
-- 20120622LIV
Exemplaires
Estatus retirado Estado de daño Estado de pérdida Fecha de adquisición Biblioteca de origen Biblioteca actual Ubicación en estantería Código de barras Precio de reemplazo Signatura topográfica completa No para préstamo Tipo de ítem Koha Nota pública Nota no pública
      05/08/2025 Casa México Paris Casa México Paris   002837 05/08/2025 920 M842CH   Livre 20120622LIV 751145101